000 00269nam a2200109Ia 4500
008 220204s9999 xx 000 0 und d
082 _a641.3
_bPAP
100 _aPappadakis, J
245 0 _aFood problems of India
260 _aArgentina
_bBuenos Aires
_c1967
942 _cBK
999 _c21902
_d21902